Kongzi zhuan /
Disimpan dalam:
| Pengarang Utama: | |
|---|---|
| Format: | Buku |
| Bahasa: | Chinese |
| Diterbitkan: |
[Taibei :
Zong he yue kan she,
Min guo 64 [1975]
|
| Siri: | Zong he yue kan cong shu ;
7. |
| Subjek-subjek: | |
| Penanda-penanda: |
Tambah Penanda
Tiada Penanda, Jadilah orang pertama menanda rekod ini!
|
| LEADER | 00901cam a2200277 4500 | ||
|---|---|---|---|
| 001 | 007724229-7 | ||
| 005 | 20024617105005.0 | ||
| 008 | 900117s1975 ch 000 0 chi | ||
| 010 | |a 76837413 | ||
| 035 | 0 | |a ocm23316900 | |
| 040 | |a DLC |c MiU |d MoSW |d PPiU |d *YNH* |d CStRLIN | ||
| 050 | 4 | |a B128.C8 |b C57 | |
| 100 | 1 | |6 880-01 |a Qian, Mu, |d 1895- | |
| 245 | 1 | 0 | |6 880-02 |a Kongzi zhuan / |c Qian Mu zhu. |
| 260 | |6 880-03 |a [Taibei : |b Zong he yue kan she, |c Min guo 64 [1975] | ||
| 300 | |a 141 p. |c 20 cm. | ||
| 490 | 1 | |6 880-04 |a Zong he yue kan cong shu ; |v 7 | |
| 600 | 0 | 0 | |a Confucius. |
| 880 | 1 | |6 100-01 |a 錢穆, |d 1895- | |
| 880 | 1 | 0 | |6 245-02 |a 孔子傳 / |c 錢穆著. |
| 880 | |6 260-03 |a [台北 : |b 綜合月刊社, |c 民國64 [1975] | ||
| 880 | 1 | |6 490-04 |a 綜合月刊叢書 ; |v 7 | |
| 830 | 0 | |6 880-54 |a Zong he yue kan cong shu ; |v 7. | |
| 880 | 0 | |6 830-54 |a 綜合月刊叢書 ; |v 7. | |
| 988 | |a 20021102 | ||
| 906 | |0 DLC | ||


